<The> Policing of mass demonstration in contemporary democracies <the> policing of protest in contemporary democracies

Salvato in:
Dettagli Bibliografici
Autore principale: della Porta, Donatella
Altri autori: Reiter, Herbert
Natura: Libro
Lingua:inglese
Pubblicazione: San Domenico (FI) European University Institute 1997
Serie:EUI Working paper RSC No. 97/1
Soggetti:
Tags: Aggiungi Tag
Nessun Tag, puoi essere il primo ad aggiungerne!!

MARC

LEADER 00000nam a2200000 4500
001 c134399
005 20221124073818.3
041 0 |a eng 
044 |a IT 
245 1 0 |a <The> Policing of mass demonstration in contemporary democracies  |b <the> policing of protest in contemporary democracies  |c Donatella della Porta and Herbert Reiter 
264 1 |a San Domenico (FI)  |b European University Institute  |c 1997 
300 |a 51 s. 
490 1 |a EUI Working paper RSC  |v No. 97/1 
830 0 |a EUI Working paper RSC  |v No. 97/1 
610 2 0 |a demokracia 
610 2 0 |a politika 
610 2 0 |a spoločnosť 
610 2 0 |a konflikty 
100 1 |a della Porta, Donatella 
700 1 |a Reiter, Herbert